Pengantar penjelidikan ilmiah; (Record no. 85238)
[ view plain ]
| 000 -LEADER | |
|---|---|
| fixed length control field | 00521nam a22001811 4500 |
| 001 - CONTROL NUMBER | |
| control field | sa 68013648 |
| 003 - CONTROL NUMBER IDENTIFIER | |
| control field | DLC |
| 005 - DATE AND TIME OF LATEST TRANSACTION | |
| control field | 20260227112623.0 |
| 008 - FIXED-LENGTH DATA ELEMENTS--GENERAL INFORMATION | |
| fixed length control field | 790608s1965 io 00000 ind |
| 010 ## - LIBRARY OF CONGRESS CONTROL NUMBER | |
| LC control number | sa 68013648 //r79 |
| 025 ## - OVERSEAS ACQUISITION NUMBER | |
| Overseas acquisition number | PL480:Indo-3456 |
| 050 0# - LIBRARY OF CONGRESS CALL NUMBER | |
| Classification number | Q180.A1 |
| Item number | S92 |
| 100 10 - MAIN ENTRY--PERSONAL NAME | |
| Personal name | Surakhmad, Winarno. |
| 245 10 - TITLE STATEMENT | |
| Title | Pengantar penjelidikan ilmiah; |
| Remainder of title | dasar dan metode. |
| 260 0# - PUBLICATION, DISTRIBUTION, ETC. | |
| Place of publication, distribution, etc. | Bandung, |
| Name of publisher, distributor, etc. | Badan Penerbitan Institut Keguruan dan Ilmu Pendidikan, |
| Date of publication, distribution, etc. | 1965. |
| 300 ## - PHYSICAL DESCRIPTION | |
| Extent | 203 p. |
| Dimensions | 28 cm. |
| 650 #0 - SUBJECT ADDED ENTRY--TOPICAL TERM | |
| Topical term or geographic name entry element | Research. |
No items available.